00929nam a2200265 a 450000100060000000300080000600500170001400800410003102000150007203500190008704000270010604100080013308200250014110000310016624500750019725000120027226000310028430000360031550400530035165000380040470000350044294200120047799900170048995201570050668164BD-RjUL20211209081734.0170330s2004 nyua b 001 0 eng  a047118120X a(BD-RjUL)68374 aDLCcDLCdBD-RjULbeng aeng00a616.89223bDAA 20041 aDavison, Gerald C.920206310aAbnormal psychology /cGerald C. Davison, John M. Neale, Ann M. Kring. a9th ed. aNew York :bWiley,cc2004. a648, [127] p. :bill. ;c29 cm. aIncludes bibliographical references and indexes. 0aPsychology, Pathological.92020641 aNeale, John M.,d1943-9202065 2ddccBK c68164d68164 00102ddc40718NFICaRUCLbRUCLcReadingd2008-02-06eParagogn Enterprise, Dhakag105.95l0o616.89 DAA 2004r2017-03-30 00:00:00tC-1w2017-03-30yBK